| 000 | 00514nam a22001697a 4500 | ||
|---|---|---|---|
| 008 | 150925b xxu||||| |||| 00| 0 eng d | ||
| 020 | _a0789542870 | ||
| 041 | 0 | _aeng | |
| 080 | _a658:004 | ||
| 245 |
_aBusiness communication data : _cGary B. Shelly; Thomas J. Cashman; Judy A. Serwatka; |
||
| 250 | _a2nd ed. | ||
| 260 |
_aUSA: _bCourse technology; _c1998. |
||
| 300 |
_a[Various pages] _bme il.; _c25 cm. |
||
| 650 | 0 | _aBiznes | |
| 650 | 0 | _aKompjuterët | |
| 942 |
_2udc _cBK |
||
| 999 |
_c1174 _d1174 |
||